Normal view
MARC view
Entry Geographic Name
001 - CONTROL NUMBER
- control field: 26582
003 - CONTROL NUMBER IDENTIFIER
- control field: ARRUPE
005 - DATE AND TIME OF LATEST TRANSACTION
- control field: 20161007113128.0
008 - FIXED-LENGTH DATA ELEMENTS
- fixed length control field: 161007|| aca||aabn | a|a d
040 ## - CATALOGING SOURCE
- Original cataloging agency: ARRUPE
- Transcribing agency: ARRUPE
151 ## - HEADING--GEOGRAPHIC NAME
- Geographic name: Italy
- General subdivision: History
- Chronological subdivision: 1492-1559
670 ## - SOURCE DATA FOUND
- Source citation: Work cat.: (ARRUPE)0: Coughlan, Robert, 1914-1992. 26580, The world of Michelangelo, 1475-1564,, [1966]